000 00541nam a2200217Ia 4500
003 OSt
005 20221006151712.0
006 a|||||r|||| 00| 0
007 ta
008 221006b |||||||| |||| 00| 0 eng d
020 _cDM5.00
024 _a23,054
037 _bGift,
_cTextual
040 _aEASL
_cEASL
_beng
041 _2eng
_aeng
245 0 _aBuddhist scultures and monuments
260 _aNew Delhi
_bGovernment of India
_c1956
300 _a50p.
_ccm.
942 _cTEXL
_2CC
999 _c1091140
_d1091140